Telangana - State Quiz - Statistics

General Stats
  • This quiz has been taken 67 times
    35 since last reset
  • The average score is 14 of 20
Answer Stats
Hint Answer % Correct
State separated from Andhra Pradesh
100%
State capital Hyderabad
100%
Year of Separation 2014
96%
Language predominantly spoken Telugu
96%
Second most spoken language Urdu
96%
Most famous landmark Charminar
86%
Second largest city Warangal
86%
Famous dish of Persian origin Biryani
82%
Party led by the above Bharat Rashtra Samithi
71%
Plateau most of the state lies on Deccan Plateau
68%
First Chief Minister who led the Telangana Movement K. Chandrashekar Rao
68%
Title given to the ruler of above Nizam
68%
Film industry based in capital Tollywood
68%
What is at Yadadri or Bhadrachalam Temple
61%
Number of districts 33
57%
Mined by the Golconda Sultanate, and major export Diamonds
43%
State bird Indian Roller/Blue Jay/Palapitta
39%
Princely state ruling majority of Telangana until 1948 Hyderabad State
36%
State sport Kabaddi
32%
State animal Chital/Deer
25%
No matching quizzes found
Score Distribution
Percent of People with Each Score
Percentile by Number Answered
Your Score History
You have not taken this quiz since the last reset